00479nam a22001457a 450000500170000000800410001704000070005824500170006549000240008252001580010665000150026465000110027965000260029065000170031620250519100733.0250519b |||||||| |||| 00| 0 eng d cDO aGoing Public aNational Geographic aPublic Lands, Deadly Silk, Arctic National Wildlife Refuge, Russia's Frozen Inferno, Megatransect III, France's Magical Cave Art, Ocean Grove, New Jersey xSPIDERWEBS xRUSSIA xMEGATRANSECT PART III xCHAUVET CAVE